000 00332nam a2200133Ia 4500
008 240624s9999 xx 000 0 und d
041 _aeng
082 _a823 BHA
100 _aBHATTACHARYA MANOSHI
245 _aCHITTAGONG SUMMER OF 1930
260 _c2012
_aNew Delhi
_bHarper Collins
300 _a417p. ; 21cm.
365 _cRS
_b25
999 _c19859
_d19859